[Event "SLO-ch U16"]
[Site "Postojna"]
[Date "2008.02.29"]
[Round "8"]
[White "Mihelcic, Domen"]
[Black "Rozman, Mitja"]
[Result "0-1"]
[WhiteElo "1500"]
[BlackElo "1861"]
[PlyCount "64"]
[EventDate "2008.02.24"]
[EventType "swiss"]
[EventRounds "9"]
[EventCountry "SLO"]
[SourceTitle "EXT 2010"]
[Source "ChessBase"]
[SourceDate "2010.11.25"]
[SourceVersion "1"]
[SourceVersionDate "2010.11.25"]
[SourceQuality "1"]

1. e4 e5 2. Nf3 Nc6 3. Bc4 Bc5 4. c3 Nf6 5. d3 d6 6. b4 Bb6 7. a4 a5 8. b5 Ne7 9. 0-0 0-0 10. Be3 c6 11. Nbd2 d5 12. exd5 cxd5 13. Bxb6 Qxb6 14. Bb3 Ng6 15. Qc2 Bf5 16. Rfe1 Ng4 17. Bxd5 Nxf2 18. Ne4 Nxe4+ 19. Kf1 Nc5 20. Be4 Nxe4 21. dxe4 Be6 22. Nd2 f5 23. Ke2 fxe4 24. Nxe4 Rad8 25. Red1 Bc4+ 26. Rd3 Bxd3+ 27. Qxd3 Nf4+ 28. Kd2 Rxd3+ 29. Kc2 Qe3 30. Ng3 Rxc3+ 31. Kb2 Qd2+ 32. Kb1 Rc1# 0-1

[Event "SLO-ch U16"]
[Site "Postojna"]
[Date "2008.02.24"]
[Round "1"]
[White "Mihelcic, Domen"]
[Black "Spalir, Jernej"]
[Result "0-1"]
[WhiteElo "1500"]
[BlackElo "1723"]
[PlyCount "62"]
[EventDate "2008.02.24"]
[EventType "swiss"]
[EventRounds "9"]
[EventCountry "SLO"]
[SourceTitle "EXT 2010"]
[Source "ChessBase"]
[SourceDate "2010.11.25"]
[SourceVersion "1"]
[SourceVersionDate "2010.11.25"]
[SourceQuality "1"]

1. e4 e5 2. Nf3 Nc6 3. Bc4 Bc5 4. c3 Nf6 5. d3 d6 6. b4 Bb6 7. a4 a5 8. b5 Ne7 9. 0-0 Bg4 10. h3 Bh5 11. Bg5 h6 12. Bh4 Qd7 13. Nbd2 g5 14. Bg3 0-0-0 15. Qb3 g4 16. hxg4 Qxg4 17. Bxf7 Bxf7 18. Qxf7 Rhf8 19. Qb3 Qxg3 20. Qe6+ Kb8 21. d4 Qg8 22. Qh3 h5 23. Qh2 Ng6 24. Rfe1 Nf4 25. g3 exd4 26. cxd4 Ng4 27. Qh4 Nd3 28. Rf1 Ngxf2 29. Rxf2 Nxf2 30. Kxf2 Bxd4+ 31. Ke2 Bxa1 0-1

[Event "SLO-ch U14"]
[Site "Murska Sobota"]
[Date "2007.02.27"]
[Round "4"]
[White "Mihelcic, Domen"]
[Black "Cernjak, Ambroz"]
[Result "1/2-1/2"]
[WhiteElo "1500"]
[BlackElo "1500"]
[PlyCount "56"]
[EventDate "2007.02.25"]
[EventType "swiss"]
[EventRounds "9"]
[EventCountry "SLO"]
[SourceTitle "CBM 117 Extra"]
[Source "ChessBase"]
[SourceDate "2007.05.09"]
[SourceVersion "1"]
[SourceVersionDate "2007.05.09"]
[SourceQuality "1"]

1. e4 e5 2. Nf3 Nc6 3. Bc4 Nf6 4. d3 Bc5 5. 0-0 d6 6. Nc3 Bg4 7. h3 Bh5 8. Be3 Bb6 9. g4 Bg6 10. Re1 Qd7 11. Nh2 Nd4 12. Nd5 Nxd5 13. Bxd5 c6 14. Bxd4 Bxd4 15. c3 Bxf2+ 16. Kxf2 cxd5 17. exd5 h5 18. Kg3 f5 19. c4 fxg4 20. hxg4 hxg4 21. Nxg4 0-0-0 22. Rc1 b6 23. b4 Bh5 24. c5 Bxg4 25. Qxg4 Qxg4+ 26. Kxg4 Kb7 27. c6+ Kc7 28. Rf1 Rdf8 1/2-1/2

[Event "SLO-ch U14"]
[Site "Murska Sobota"]
[Date "2007.02.27"]
[Round "5"]
[White "Mihelcic, Domen"]
[Black "Jan, Domen"]
[Result "1/2-1/2"]
[WhiteElo "1500"]
[BlackElo "1500"]
[PlyCount "55"]
[EventDate "2007.02.25"]
[EventType "swiss"]
[EventRounds "9"]
[EventCountry "SLO"]
[SourceTitle "CBM 117 Extra"]
[Source "ChessBase"]
[SourceDate "2007.05.09"]
[SourceVersion "1"]
[SourceVersionDate "2007.05.09"]
[SourceQuality "1"]

1. e4 e5 2. Nf3 Nc6 3. Bc4 Bc5 4. c3 Nf6 5. d3 d6 6. Be3 Bxe3 7. fxe3 Ng4 8. Qd2 0-0 9. 0-0 a6 10. Bb3 Na5 11. Bc2 b5 12. d4 Nc4 13. Qc1 Ncxe3 14. Re1 Nxc2 15. Qxc2 Qf6 16. Qd2 Qh6 17. Qxh6 Nxh6 18. dxe5 dxe5 19. Nxe5 f5 20. Nf3 fxe4 21. Rxe4 Bb7 22. Re3 Rad8 23. Nbd2 Rf6 24. Rae1 Bc6 25. Re6 Bxf3 26. Nxf3 Ng4 27. h3 Rxe6 28. Rxe6 1/2-1/2

[Event "SLO-ch U14"]
[Site "Murska Sobota"]
[Date "2007.02.25"]
[Round "1"]
[White "Mihelcic, Domen"]
[Black "Skrbic, Aristel"]
[Result "0-1"]
[WhiteElo "1500"]
[BlackElo "1548"]
[PlyCount "88"]
[EventDate "2007.02.25"]
[EventType "swiss"]
[EventRounds "9"]
[EventCountry "SLO"]
[SourceTitle "CBM 117 Extra"]
[Source "ChessBase"]
[SourceDate "2007.05.09"]
[SourceVersion "1"]
[SourceVersionDate "2007.05.09"]
[SourceQuality "1"]

1. e4 c5 2. Nf3 Nc6 3. Nc3 e5 4. Be2 d6 5. d3 Be7 6. Be3 Nf6 7. Qd2 Be6 8. b3 a6 9. h3 Nd4 10. Ng5 b5 11. Nxe6 fxe6 12. a3 Rc8 13. 0-0 0-0 14. Na2 Nxe2+ 15. Qxe2 d5 16. Bg5 h6 17. Bxf6 Bxf6 18. c4 Qd7 19. Nc3 dxc4 20. bxc4 Qd4 21. Rac1 Bg5 22. Rc2 Rb8 23. Rb1 b4 24. axb4 cxb4 25. Nd1 Rfd8 26. Rcb2 Qxd3 27. Qxd3 Rxd3 28. c5 Rbd8 29. Ne3 Bxe3 30. fxe3 a5 31. Rc2 b3 32. Rcb2 a4 33. c6 Rd1+ 34. Rxd1 Rxd1+ 35. Kf2 Rc1 36. g4 Rxc6 37. Rb1 Rc3 38. Ke2 a3 39. Kd2 Rc2+ 40. Kd1 Rh2 41. Rxb3 a2 42. Ra3 Rh1+ 43. Ke2 a1Q 44. Rxa1 Rxa1 0-1